| 000 | 00547nam a2200229Ia 4500 | ||
|---|---|---|---|
| 001 | 118258 | ||
| 003 | YMCAF | ||
| 005 | 20230512163408.0 | ||
| 008 | 170502s2015 ||||||||||||||||| ||und|d | ||
| 020 | _a9788173719417 | ||
| 024 | _a118258 | ||
| 035 | _a47093 | ||
| 040 |
_aYMCAF _beng _cIN-KoLT |
||
| 041 | _aeng | ||
| 082 |
_a621.51 _bJAG |
||
| 100 | _aJagadeesha T | ||
| 245 | 0 | _aPneumatics: Concepts, design and applications | |
| 260 |
_aHyderabad _bUniversities Press _c2015 |
||
| 300 | _a514 | ||
| 653 | _aMechanical | ||
| 942 |
_2ddc _cBK |
||
| 999 |
_c14968 _d14968 |
||